000 00563nam a2200217 a 4500
001 ES-MaREB00058862-1
003 OSt
005 20150127161358.0
008 020226s1990 esp 0011 spa d
020 _a84-348-1463-3
040 _cBMC
082 _a808.068083
100 1 _aFährmann, Willi
_930703
245 1 3 _aUn lugar para Katrin
_cWilli Fährmann
250 _a7ª ed
260 _aMadrid
_bSM
_c1990
300 _a117 p.
_bil.
_c19 cm
490 0 _aEl barco de vapor. 72
650 2 4 _929811
_aCuentos infantiles
942 _2ddc
_cBK
_hahoj
999 _c17758
_d17758